F1 World Drivers' Champions by Picture - Statistics

General Stats
  • This quiz has been taken 2,940 times
    325 since last reset
  • The average score is 18 of 24
Answer Stats
Picture Hint Answer % Correct
2008; 2014-2015; 2017-2020 Lewis Hamilton
100%
1994-1995; 2000-2004 Michael Schumacher
98%
2010-2013 Sebastian Vettel
94%
2025 Lando Norris
93%
1988;1990-1991 Ayrton Senna
92%
2021-2024 Max Verstappen
92%
2005-2006 Fernando Alonso
90%
2016 Nico Rosberg
90%
1985-1986;1989;1993 Alain Prost
89%
2007 Kimi Räikkönen
87%
1975;1977;1984 Niki Lauda
87%
2009 Jenson Button
83%
1998-1999 Mika Häkkinen
78%
1951;1954-1957 Juan Manuel Fangio
75%
1992 Nigel Mansell
74%
1969;1971;1973 Jackie Stewart
68%
1976 James Hunt
66%
1981;1983;1987 Nelson Piquet
64%
1996 Damon Hill
59%
1950 Giuseppe Farina
59%
1997 Jacques Villeneuve
58%
1959-1960;1966 Jack Brabham
51%
1978 Mario Andretti
48%
1972;1974 Emerson Fittipaldi
47%
No matching quizzes found
Score Distribution
Percent of People with Each Score
Percentile by Number Answered
Your Score History
You have not taken this quiz since the last reset